| 000 | 01537nam2a2200265 4500 | ||
|---|---|---|---|
| 001 | rc\2839732 | ||
| 005 | 20260315045742.0 | ||
| 035 | _a(NLR Aleph) 006997336 | ||
| 090 |
_a13574492 _c13574492 |
||
| 100 | _a20110629d1928 u y0rusy50 ca | ||
| 101 | 0 | _arus | |
| 102 | _aRU | ||
| 105 | _ay z ||||| | ||
| 200 | 0 |
_aВып. 1 _fСоставлены: проф. С.В. Александровским, ассистентом Ф.М. Дробышевым, доцентом П.Д. Каминской ... [и др.] |
|
| 210 | _d1928 | ||
| 215 | _a56 с. | ||
| 461 | 0 |
_1001rc\2839731 _12000#$aМетодические разработки по хозяйственному праву$e(Для студентов II курса Фак-та совправа) ... Вып. 1 -$fПод ред. проф. Ф. Вольфсона$vВып. 1 _95686002 _aМосковский университет им. М.В. Ломоносова. Факультет советского права _cМосква _d1928 _fПод ред. проф. Ф. Вольфсона _nизд-во 1 Моск. гос. ун-та _o(Для студентов II курса Фак-та совправа) ... Вып. 1 - _tМетодические разработки по хозяйственному праву _vВып. 1 |
|
| 702 | 1 |
_aАлександровский _bС.В. _4220 |
|
| 702 | 1 |
_aДробышев _bФ.М. _4220 |
|
| 702 | 1 |
_aКаминская _bП.Д. _4220 |
|
| 801 | 0 |
_aRU _bNLR _gpsbo |
|
| 801 | 1 |
_aRU _bELAR _2rusmarc |
|
| 852 |
_aNLR _j40/4212 |
||
| 942 | _cUNSPEC | ||
| 980 | _aNB | ||